Statistics for Poorest American Countries

Click here to take the quiz!

General Stats

  • This quiz has been taken 21 times
  • The average score is 9 of 10

Answer Stats

HintAnswer% Correct
$8,023El Salvador
100%
$1,819Haiti
100%
$5,855Nicaragua
100%
$8,168Guatemala
95%
$4,997Honduras
95%
$8,525Belize
89%
$9,066Jamaica
89%
$7,576Bolivia
79%
$10,037Dominica
74%
$8,180Guyana
68%

Score Distribution

Percentile by Number Answered

Percent of People with Each Score

Your Score History

You have not taken this quiz